| 000 | nam a22 a 4500 | ||
|---|---|---|---|
| 999 |
_c123247 _d123247 |
||
| 003 | BLK | ||
| 005 | 20221011162028.0 | ||
| 008 | 180409b bul|||||r ||||||| ||bul|| | ||
| 040 | _aBLK | ||
| 041 |
_aBUL _cBUL |
||
| 080 |
_aРуска литература _b821.161.1 _x-394 _z821.161.1-394 |
||
| 080 |
_aКласически митологии. Религии на Древна Гърция и Рим, етруска религия. Подразделя се като 291 _b292 _z292 |
||
| 100 | 1 |
_aАрски, Феликс Наумович _eпърви автор _933722 |
|
| 139 | _aАрски, Феликс Наумович | ||
| 245 | 1 | 0 |
_aВ страната на митовете _cФ. Арски; прев. от рус. Милка Манова; худож. Симеон Спиридонов. |
| 257 | _aRUS | ||
| 260 |
_aСофия _bНар. просв. _c1974 _fВ. Търново : Д. Найденов |
||
| 300 |
_a216 с. _bс ил. _c20 см |
||
| 380 | _aX | ||
| 490 | 1 | _aБиблиотека Еврика | |
| 500 | _aОриг. загл В стране мифов / Феликс Н. Арский. - Прев. е от 2. рус. изд. | ||
| 653 | _aмитове | ||
| 700 | 1 |
_aМанова, Милка _eпрев. от рус. _9318043 |
|
| 700 | 1 |
_aСпиридонов, Симеон Димитров _eхудож. _9277676 |
|
| 852 |
_aЦб 79506 _bЦб |
||
| 856 | 4 |
_qpdf _i0.00 _ldisable |
|
| 942 |
_cKNG _n0 _s1 |
||
| 944 |
_aCR _c16.03.2012 _l16.03.2012 - от С1,Р / 16.03.2012 _kВиолета_Тройчева |
||
| 944 |
_aED _c2022-10-11 _kСТ |
||
| 999 | _d123247 | ||